| 000 | 01246nam a22003017a 4500 | ||
|---|---|---|---|
| 999 |
_c29203 _d29174 |
||
| 003 | EG-ScBUE | ||
| 005 | 20210622110554.0 | ||
| 008 | 210622s2006 ua f b 000 0 ara d | ||
| 017 | _a2006/2180 | ||
| 020 | _a9772047233 | ||
| 040 |
_aEG-ScBUE _bara _erda _cEG-ScBUE _dEG-ScBUE |
||
| 082 | 0 | 4 |
_a658.4 _bهـ و ا _222 |
| 100 | 1 |
_aالهواري، سيد، _eمؤلف. |
|
| 245 | 1 | 2 |
_aالمدير الفعال : _bالكفاءات المحورية مع متغيرات فعالية المديرين وأنماطهم / _cالدكتور سيد الهواري، أستاذ إدارة الأعمال-كلية التجارة، جامعة عين شمس. |
| 250 | _aطبعة حديثة. | ||
| 264 | 1 |
_aالقاهرة : _bسيد الهواري، _c2006. |
|
| 300 |
_a223 صفحة ؛ _c24 سم |
||
| 336 |
_2rdacontent _aنص _btxt |
||
| 337 |
_2rdamedia _aبدون وسيط _bn |
||
| 338 |
_2rdacarrier _aمجلد _bnc |
||
| 490 | 0 | _aروشتة إدارية قوية للإنجاز العالي | |
| 504 | _aيشتمل على إرجاعات ببليوجرافية. | ||
| 650 | 7 |
_aالرؤساء و المديرون. _2BUEsh |
|
| 650 | 7 |
_aالإدارة. _2BUEsh |
|
| 653 |
_bBUSADM _cJune2021 |
||
| 655 |
_vReading book _934232 |
||
| 942 | _2ddc | ||